Право выбора: роман

Bibliographische Detailangaben
1. Verfasser: Кузмичев И. Иван
Zusammenfassung:Начало лета 1709 года. План Петра Великого по разгрому шведской армии достигает своего апогея. Шведский король Карл XII замер вместе со своей армией под Полтавой. А в это время Иван Пестерев, окончательно примеривший на себя роль наследника Русского царства, от­правляется из Азова в Европу, постигать азы дипломатии, заключать союзы, смотреть на жизнь простых обывателей человеческого муравейника, называемый Европой!Полк «Русских витязей» вместе с армией движется к осажденному городу. Что ждет их впереди, никто не знает. Даже Алексей не ведает, через какие испытания ему придется пройти и что пережить. Но что такое огонь и вода для настоящего мужчины? Так, один пшик, ничего более. Главная опасность заключена как раз в «медных трубах»...
Sprache:Russisch
Veröffentlicht: СПб., Ленинградское изд-во, 2009
Schriftenreihe:Боевая фантастика
Schlagworte:
Format: MixedMaterials Buch
KOHA link:https://koha.lib.tpu.ru/cgi-bin/koha/opac-detail.pl?biblionumber=172494

MARC

LEADER 00000nam0a2200000 4500
001 172494
005 20231031164306.0
010 |a 9785994203828 
035 |a (RuTPU)RU\TPU\book\187060 
090 |a 172494 
100 |a 20091214d2009 m y0rusy50 ca 
101 0 |a rus 
102 |a RU 
105 |a y z 000ay 
200 1 |a Право выбора  |e роман  |f И. Кузмичев 
210 |a СПб.  |c Ленинградское изд-во  |d 2009 
215 |a 480 с. 
225 1 |a Боевая фантастика 
320 |a Библиогр.: с. 
330 |a Начало лета 1709 года. План Петра Великого по разгрому шведской армии достигает своего апогея. Шведский король Карл XII замер вместе со своей армией под Полтавой. А в это время Иван Пестерев, окончательно примеривший на себя роль наследника Русского царства, от­правляется из Азова в Европу, постигать азы дипломатии, заключать союзы, смотреть на жизнь простых обывателей человеческого муравейника, называемый Европой!Полк «Русских витязей» вместе с армией движется к осажденному городу. Что ждет их впереди, никто не знает. Даже Алексей не ведает, через какие испытания ему придется пройти и что пережить. Но что такое огонь и вода для настоящего мужчины? Так, один пшик, ничего более. Главная опасность заключена как раз в «медных трубах»... 
610 1 |a русская литература 
610 1 |a военная история 
610 1 |a Россия 
610 1 |a 18 век 
610 1 |a Полтавская битва 
675 |a Р2  |v 3 
700 1 |a Кузмичев  |b И.  |g Иван 
801 1 |a RU  |b 63413507  |c 20091214 
801 2 |a RU  |b 63413507  |c 20091216  |g RCR 
942 |c BK